000
00301nam a2200121Ia 4500
008
190216s9999||||xx |||||||||||||| ||und||
100
_a
Evitt He &syrett W W
245
0
_a
Manual Of Foreign Exchange
260
_b
Sirisaic Pitman & Sons
_c
1966
300
_a
268p
650
_a
Economics
942
_c
BK
999
_c
9128
_d
9128